00283nam a2200121Ia 4500003000400000008004100004082001600045100001800061245002300079260003300102300000800135650001800143OSt191201s2007 xx 000 0 und d a299.93bROS aRONHUBBARD, L 0aScientology 8-8008 aNew DelhibHubbard Pubc2007 a415 aGeneral Books